000 00667nam a2200229Ia 4500
003 GCL
008 140319s9999 xx 000 0 ara d
040 _aGCL /
_cGCL
082 0 4 _aق
_b962.06
_bس أ
100 1 _aسيد مرعى
245 1 0 _aاوراق سياسية /
_cسيد مرعى
300 _a756 ص
490 _aكتاب
_v0
650 0 4 _aالعصر الحديث
650 0 4 _aمصر
650 0 4 _aتاريخ
650 0 4 _aثورة 23 يوليو 1952
650 0 4 _aثورة التصحيح
650 0 4 _aمصر - تاريخ - العصر الحديث - ثورة 1919
650 0 4 _aمصر - تاريخ - العصر الحديث
942 _2ddc
_cBK
999 _c42477
_d42477